000171096 001__ 171096 000171096 005__ 20260506144057.0 000171096 0248_ $$2sideral$$a79301 000171096 037__ $$aART-2010-79301 000171096 041__ $$aspa 000171096 100__ $$0(orcid)0000-0002-6757-7598$$aRivero Gracia, María Pilar$$uUniversidad de Zaragoza 000171096 245__ $$aBílbilis: actividades didácticas para Educación Primaria 000171096 260__ $$c2010 000171096 5060_ $$aAccess copy available to the general public$$fUnrestricted 000171096 5203_ $$aAnálisis de las actividades didácticas para alumnos de Educación Primaria relacionadas con Bílbilis realizadas por el grupo de investigación Urbs. Primero, reflexión acerca de las dificultades de elaborar una guía de visita de un yacimiento arqueológico y descripción de las soluciones adoptadas en la guía de visita del yacimiento romano de Bilbilis (Calatayud, Zaragoza). Segundo, evaluación del taller sobre mosaico romano (Museo de Calatayud). Analysis of learning activities to Elementary Education about Bilbilis (by research Group Urbs, Universidad de Zaragoza). First, reflection on the difficulties to write a guidebook for children to visit an archaeological site and description of the methods adopted in the guidebook to the Roman site of Bilbilis (Calatayud, Zaragoza, Spain). Second, evaluation of museum workshop about Roman mosaics. 000171096 540__ $$9info:eu-repo/semantics/openAccess$$aby-nc-nd$$uhttps://creativecommons.org/licenses/by-nc-nd/4.0/deed.es 000171096 655_4 $$ainfo:eu-repo/semantics/article$$vinfo:eu-repo/semantics/publishedVersion 000171096 700__ $$0(orcid)0000-0002-9355-7072$$aMartín Bueno, Manuel$$uUniversidad de Zaragoza 000171096 7102_ $$13000$$2033$$aUniversidad de Zaragoza$$bDpto. Ciencias de la Antigüed.$$cÁrea Arqueología 000171096 7102_ $$14006$$2210$$aUniversidad de Zaragoza$$bDpto. Didác.Leng.y CC.HH.y SS.$$cÁrea Didáctica Ciencias Socia. 000171096 773__ $$g10 (2010), 329-341$$pSalduie (Zaragoza)$$tSalduie (Zaragoza)$$x1576-6454 000171096 8564_ $$s3861704$$uhttps://zaguan.unizar.es/record/171096/files/texto_completo.pdf$$yVersión publicada 000171096 8564_ $$s1546681$$uhttps://zaguan.unizar.es/record/171096/files/texto_completo.jpg?subformat=icon$$xicon$$yVersión publicada 000171096 909CO $$ooai:zaguan.unizar.es:171096$$particulos$$pdriver 000171096 951__ $$a2026-05-06-13:58:31 000171096 980__ $$aARTICLE